[Event "Challenge"]
[Site "http://www.queenalice.com/game.php?id=881271"]
[Date "2011.1.4"]
[Round "-"]
[White "Irom"]
[Black "josemsm"]
[Result "0-1"]
[WhiteElo "1730"]
[BlackElo "1668"]

1. d4 d5 2. Be3 e6 3. Bf4 Bd7 4. a3 h6 5. Nf3 Be7 6. e3 a6 7. Bd3 c5 8. O-O c4
9. Be2 Bf6 10. b3 b5 11. a4 Nc6 12. Nc3 b4 13. Nb1 c3 14. Bd6 a5 15. Bd3 Be7 16.
Be5 f6 17. Bf4 g5 18. Bg3 f5 19. Ne5 Nxe5 20. Bxe5 Bf6 21. Qh5+ Ke7 22. Bxf6+
Nxf6 23. Qe2 Qc7 24. h3 h5 25. f4 g4 26. h4 Nh7 27. Bb5 Nf6 28. Bxd7 Qxd7 29.
Re1 Ne4 30. Qd3 g3 31. Rf1 Rhg8 32. Qe2 Rg4 33. Rf3 Rxh4 34. Qe1 Rg4 35. Qe2 h4
36. Qb5 Qxb5 37. axb5 Kd7 38. Rf1 Kc7 39. Na3 bxa3 40. Rxa3 Kb6 41. Rfa1 Kxb5
42. Ra4 h3 43. gxh3 Rh4 44. Kg2 Nf2 45. Kxg3 Rxh3+ 46. Kg2 Rg8+ 47. Kxf2 Rh2+
48. Kf1 Rh1+ 49. Ke2 Rxa1 50. Rxa1 Rg2+ 51. Kd3 Rg3 52. Rh1 Kb4 53. Rh7 Ka3 54.
Rc7 Kb2 55. Rxc3 Rxe3+ 56. Kxe3 Kxc3 57. Ke2 Kxc2 58. Ke1 Kxb3 59. Kd2 a4 60.
Kc1 Kc4 61. Kc2 Kxd4 62. Kb2 Kc4 63. Ka3 d4 64. Kxa4 d3 65. Ka5 d2 66. Kb6 d1=Q
67. Kc7 Kc5 68. Kb7 Qd6 69. Ka7 Kc6 70. Ka8 Qb4 71. Ka7 Qb7# 0-1

[Event "Challenge"]
[Site "http://www.queenalice.com/game.php?id=912085"]
[Date "2011.3.12"]
[Round "-"]
[White "Irom"]
[Black "Edmilson9975"]
[Result "0-1"]
[WhiteElo "1689"]
[BlackElo "1769"]

1. d4 d5 2. Bf4 Nf6 3. Nc3 Bf5 4. Nf3 e6 5. a3 Bd6 6. Bxd6 cxd6 7. e3 Ne4 8.
Nxe4 dxe4 9. Bb5+ Nd7 10. Nd2 a6 11. Ba4 O-O 12. O-O Nf6 13. b4 d5 14. c4 dxc4
15. Nxc4 b5 16. Ne5 bxa4 17. Qxa4 Nd5 18. Rac1 Qg5 19. h3 Bxh3 20. g3 Bxf1 21.
Kxf1 h5 22. Rc6 h4 23. gxh4 Qxh4 24. Qc2 g6 25. Nc4 Kg7 26. Nd2 f5 27. Rxe6 Rac8
28. Rc6 Qh1+ 29. Ke2 Rxc6 30. Qxc6 f4 31. Qb7+ Rf7 32. Qxd5 f3+ 33. Nxf3 Qxf3+
34. Kd2 Qxf2+ 35. Kc3 Qxe3+ 36. Kc2 Rf2+ 0-1

[Event "Challenge"]
[Site "http://www.queenalice.com/game.php?id=926176"]
[Date "2011.4.15"]
[Round "-"]
[White "Irom"]
[Black "josemsm"]
[Result "0-1"]
[WhiteElo "1707"]
[BlackElo "1666"]

1. d4 d5 2. Bf4 h6 3. Nc3 a6 4. Nf3 e6 5. e3 Bb4 6. Qd2 Bxc3 7. Qxc3 Nc6 8. a3
Nf6 9. Bd3 O-O 10. O-O Bd7 11. b4 b5 12. Ne5 Qe8 13. Nxc6 Bxc6 14. Bxc7 Rc8 15.
Be5 Ba8 16. Qd2 Nd7 17. Bd6 e5 18. Bxf8 Qxf8 19. Bf5 Qd6 20. c3 e4 21. a4 Bc6
22. axb5 Bxb5 23. Bxd7 Qxd7 24. Rfc1 Rc6 25. Qd1 Rg6 26. f3 Qh3 27. Ra2 exf3 28.
e4 Rxg2+ 0-1

[Event "Yukon Spring"]
[Site "http://www.queenalice.com/game.php?id=927973"]
[Date "2011.4.20"]
[Round "-"]
[White "scheherazade"]
[Black "Irom"]
[Result "0-1"]
[WhiteElo "1784"]
[BlackElo "1713"]

1. d4 d5 2. e3 Bf5 3. Nc3 Nc6 4. g4 Bg6 5. Bd3 Bxd3 6. cxd3 Nf6 7. h3 e6 8. Nf3
Bd6 9. e4 Bb4 10. a3 Bxc3+ 11. bxc3 O-O 12. Ne5 Qd6 13. Bg5 Nd7 14. Nxd7 Qxd7
15. Be3 Na5 16. a4 a6 17. h4 c6 18. g5 b6 19. h5 Ra7 20. h6 g6 21. e5 c5 22.
dxc5 Rc7 23. d4 Nc4 24. Bc1 bxc5 25. Rh4 cxd4 26. Qf3 Qe7 27. Rxd4 Rfc8 28. Rb1
Nxe5 29. Qe3 Nc4 30. Qf3 Ne5 31. Qe3 Nd7 32. Rd3 f6 33. Rb3 Nc5 34. Ba3 Nxd3+
35. Qxd3 Qd8 36. Kd2 f5 37. f4 Rb8 38. Rxb8 Qxb8 39. Qxa6 Kf7 40. Kc2 Qc8 41.
Qxc8 Rxc8 42. a5 e5 43. Kd2 exf4 44. Bb4 Ke6 45. Ke2 Ke5 46. Kf3 Ke6 47. Kxf4
Re8 48. Bc5 Kd7 49. a6 Kc6 50. Bd4 Kc7 51. a7 Kb7 52. Be3 Re4+ 53. Kf3 Ra4 54.
Ke2 Ra2+ 55. Kd3 Ra4 56. Kc2 Re4 57. Kd3 Rg4 58. Ke2 Re4 59. Kf3 Ka8 60. Bd4 Re1
61. Bf2 Rf1 62. Kg2 Rd1 63. Bd4 Rd3 64. Kf2 f4 65. Ke2 Rg3 66. Kf2 Rxg5 67. Kf3
Rh5 68. Kxf4 Rxh6 69. Kg5 Rh2 70. Kf6 Rg2 71. Kg7 h5 72. Bf6 Kxa7 73. Kh6 Kb6
74. Bg5 Rxg5 75. Kxg5 Kb5 76. Kxg6 h4 0-1

[Event "Challenge"]
[Site "http://www.queenalice.com/game.php?id=931771"]
[Date "2011.4.29"]
[Round "-"]
[White "Irom"]
[Black "josemsm"]
[Result "1-0"]
[WhiteElo "1676"]
[BlackElo "1684"]

1. Nf3 h6 2. e4 d6 3. d4 Bg4 4. h3 Bxf3 5. Qxf3 a6 6. Bc4 Nf6 7. Qb3 b5 8. Bxf7+
Kd7 9. Qe6+ Kc6 10. e5 Nh7 11. Qd5+ Kb6 12. Qxa8 Nc6 13. Qxd8 Nxd8 14. Bg6 dxe5
15. dxe5 Nc6 16. Be3+ Ka5 17. a4 Nxe5 18. Bc5 b4 19. Nd2 e6 20. Nb3# 1-0

[Event "Challenge"]
[Site "http://www.queenalice.com/game.php?id=933292"]
[Date "2011.5.2"]
[Round "-"]
[White "Irom"]
[Black "williamscaramuzzi"]
[Result "1-0"]
[WhiteElo "1709"]
[BlackElo "1288"]

1. e4 c5 2. Nf3 Nc6 3. Nc3 Nf6 4. d4 Nxd4 5. Nxd4 cxd4 6. Qxd4 g6 7. Bf4 Bg7 8.
Nb5 d6 9. f3 O-O 10. Bc4 e5 11. Qxd6 exf4 12. Qxf4 Nh5 13. Qd6 a6 14. Bxf7+ Kh8
15. Rd1 Qa5+ 16. c3 Qxb5 17. Qe7 Qe5 18. Qxe5 Bxe5 19. Bd5 Ra7 20. O-O b5 21.
Rd2 Bf4 22. Rd3 Rf6 23. Rfd1 Be6 24. g3 Bxd5 25. Rxd5 Be3+ 26. Kg2 Bf4 27. Rd8+
Kg7 28. gxf4 Nxf4+ 29. Kf2 Nh3+ 30. Ke3 Ng5 31. R8d7+ Rxd7 32. Rxd7+ Kh6 33. f4
Nh3 34. f5 Kg5 35. Rxh7 Nf4 36. Rg7 a5 37. Kf3 Rd6 38. Rg8 Nd3 39. Rxg6+ Rxg6
40. fxg6 Kxg6 41. b3 b4 42. c4 Ne5+ 43. Ke3 Nc6 44. Kd3 Kf6 45. c5 Ne5+ 46. Kd4
Ke6 47. h4 Nf3+ 48. Kc4 Nxh4 49. Kb5 Kd7 50. Kxa5 Nf3 51. Kxb4 Ng5 52. e5 Nf7
53. Kb5 Nxe5 54. Kb6 Kc8 55. b4 Kb8 56. a4 Nd7+ 57. Kc6 Kc8 58. a5 Nb8+ 59. Kd6
Kb7 60. b5 Kc8 61. a6 Nd7 62. c6 Nb6 63. c7 Na8 64. a7 Nxc7 65. Kc6 Na8 66. b6
Nxb6 67. Kxb6 1-0

[Event "Challenge"]
[Site "http://www.queenalice.com/game.php?id=950017"]
[Date "2011.6.15"]
[Round "-"]
[White "Irom"]
[Black "williamscaramuzzi"]
[Result "0-1"]
[WhiteElo "1732"]
[BlackElo "1397"]

1. e4 c5 2. Bc4 Nc6 3. Qf3 Ne5 4. Qb3 Nf6 5. d3 e6 6. Bf4 Nxc4 7. Qxc4 d6 8. a3
e5 9. Bg5 Be6 10. Qb5+ Qd7 11. a4 a6 12. Qxd7+ Nxd7 13. h3 f6 14. Bd2 Be7 15.
Nf3 O-O 16. c4 b5 17. b3 b4 18. O-O f5 19. Bg5 Rae8 20. Bxe7 Rxe7 21. exf5 Bxf5
22. Rd1 Ref7 23. Ng5 Rf6 24. f3 h6 25. Ne4 Re6 26. Nbd2 Nb8 27. Nf1 Nc6 28. g4
Bg6 29. Ra2 Rxf3 30. Kg2 Nd4 31. Nfd2 Rxd3 32. Re1 Bxe4+ 33. Rxe4 Nxb3 34. Nxb3
Rxb3 35. Kf2 Rf6+ 36. Ke2 Rxh3 37. Rd2 b3 38. Re3 Rh2+ 39. Kd1 b2 40. Rb3 Rf1+
41. Kc2 Rxd2+ 42. Kxd2 b1=Q 43. Rxb1 Rxb1 44. Ke3 Ra1 0-1

[Event "Challenge"]
[Site "http://www.queenalice.com/game.php?id=950058"]
[Date "2011.6.15"]
[Round "-"]
[White "Irom"]
[Black "LAIRE"]
[Result "0-1"]
[WhiteElo "1703"]
[BlackElo "2027"]

1. e4 e6 2. Bc4 d5 3. exd5 exd5 4. Bb3 Nf6 5. Nf3 Bd6 6. Nc3 c6 7. a3 O-O 8. O-O
Bg4 9. d4 Qc7 10. g3 Re8 11. Bd2 Nbd7 12. Kg2 Ne4 13. Ne2 Bxf3+ 14. Kxf3 Ndf6
15. Bf4 Re7 16. c4 Rae8 17. Rc1 Bxf4 18. Nxf4 dxc4 19. Bxc4 Qd7 20. a4 Nh5 21.
Bd3 Nxf4 22. Kxf4 Qxd4 23. Kf3 Rd7 24. Re1 Qxd3+ 25. Qxd3 Rxd3+ 26. Kf4 Nf6 27.
Rxe8+ Nxe8 28. Re1 Kf8 29. Re3 Rxe3 30. Kxe3 Ke7 31. Kd4 Kd6 32. Kc4 Nf6 33. Kb4
Kd5 0-1

[Event "faltam 132 dias!!!"]
[Site "http://www.queenalice.com/game.php?id=968958"]
[Date "2011.8.5"]
[Round "-"]
[White "williamscaramuzzi"]
[Black "Irom"]
[Result "0-1"]
[WhiteElo "1432"]
[BlackElo "1700"]

1. e4 e5 2. f4 d6 3. b3 Nf6 4. Nc3 Nc6 5. Bb2 g6 6. Qe2 h6 7. O-O-O h5 8. h3 Bd7
9. Nf3 Qe7 10. g3 O-O-O 11. Bg2 Bh6 12. fxe5 dxe5 13. Rhe1 g5 14. Kb1 g4 15. Ng1
Rhg8 16. h4 Na5 17. Nd5 Qd6 18. Qd3 Bc6 19. Ne2 Nxd5 20. exd5 Bxd5 21. Bxd5 Qxd5
22. Qf5+ Qe6 23. Qxh5 Bxd2 24. Nd4 Rxd4 25. Bxd4 Bxe1 26. Rxe1 f6 27. Re3 Rd8
28. Bxa7 b6 29. Qh7 Kb7 30. c4 Rd7 31. Qh8 Kxa7 32. Qc8 Re7 33. Qd8 Rd7 34. Qc8
Rd1+ 35. Kc2 Qxc8 36. Kxd1 Qd7+ 37. Ke2 Qd4 38. Rd3 Qg1 39. h5 Qh2+ 0-1

[Event "Revanche!! 117 dias!"]
[Site "http://www.queenalice.com/game.php?id=975197"]
[Date "2011.8.21"]
[Round "-"]
[White "Irom"]
[Black "williamscaramuzzi"]
[Result "0-1"]
[WhiteElo "1725"]
[BlackElo "1427"]

1. e4 e5 2. Nf3 Bd6 3. Nc3 Nf6 4. Bc4 O-O 5. O-O Bb4 6. a3 Bxc3 7. bxc3 Nxe4 8.
Nxe5 Re8 9. Bxf7+ Kf8 10. Bxe8 Qxe8 11. Qf3+ Nf6 12. Re1 Nc6 13. Ng6+ Qxg6 14.
h3 d6 15. Bb2 Ne5 16. Qe3 Bd7 17. d3 Bc6 18. Qg3 Qh6 19. c4 Nh5 20. Qh2 Qg6 21.
Bxe5 dxe5 22. g4 Re8 23. Rxe5 Qf6 24. Rxe8+ Bxe8 25. gxh5 Qxa1+ 26. Kg2 Bc6+ 27.
f3 Qc1 28. Qxc7 Qxc2+ 29. Kg3 Qxd3 30. Qf4+ Ke7 31. h4 Qxa3 32. Kg4 Qc5 33. Qg5+
Qxg5+ 34. hxg5 a5 0-1

[Event "Let's Play Chess!"]
[Site "http://www.queenalice.com/game.php?id=976384"]
[Date "2011.8.24"]
[Round "-"]
[White "Irom"]
[Black "shobby55"]
[Result "1-0"]
[WhiteElo "1650"]
[BlackElo "1641"]

1. e4 d5 2. e5 e6 3. d4 h6 4. Nf3 Bb4+ 5. Bd2 Bxd2+ 6. Qxd2 Ne7 7. Bd3 O-O 8.
O-O Ng6 9. Nc3 c6 10. Bxg6 fxg6 11. h3 Nd7 12. b4 Nb6 13. a4 Nc4 14. Qd3 Qe8 15.
a5 a6 16. Na4 Bd7 17. Nd2 c5 18. Nxc5 Bc6 19. c3 b5 20. axb6 Bb5 21. Rfe1 Qf7
22. f3 Nd6 23. Qe3 Nf5 24. Qf2 h5 25. g4 Ne7 26. b7 Rab8 27. Ndb3 Nc6 28. Kg2
Bc4 29. Na5 hxg4 30. Nxc6 Bb5 31. Nxb8 Rxb8 32. hxg4 g5 33. Rh1 g6 34. Rh6 Bc6
35. Rah1 Qg7 36. Kg3 Bxb7 37. Qh2 Bc6 38. Rh8+ 1-0

[Event "112 dias!!"]
[Site "http://www.queenalice.com/game.php?id=977148"]
[Date "2011.8.26"]
[Round "-"]
[White "williamscaramuzzi"]
[Black "Irom"]
[Result "1-0"]
[WhiteElo "1455"]
[BlackElo "1697"]

1. e4 d5 2. exd5 Qxd5 3. Nc3 Qd8 4. Nf3 Nf6 5. d4 e6 6. Bg5 Nc6 7. Bb5 Bd7 8.
Qe2 Bb4 9. d5 Bxc3+ 10. bxc3 Ne7 11. dxe6 fxe6 12. Ne5 c6 13. Bxf6 gxf6 14. Qh5+
Ng6 15. Nxg6 Rg8 16. Ne5+ Ke7 17. Qf7+ Kd6 18. Nxd7 Qe8 19. O-O-O+ Kc7 20. Qxf6
cxb5 21. Qe5+ Kc8 22. Qc5+ Kd8 23. Nf6+ Qd7 24. Rxd7# 1-0

[Event "Challenge"]
[Site "http://www.queenalice.com/game.php?id=988979"]
[Date "2011.9.23"]
[Round "-"]
[White "Irom"]
[Black "williamscaramuzzi"]
[Result "0-1"]
[WhiteElo "1695"]
[BlackElo "1481"]

1. e4 e5 2. Nf3 Nc6 3. Nc3 Nf6 4. Bc4 h6 5. a3 b6 6. O-O Bb7 7. d3 Qe7 8. Nb5
O-O-O 9. b4 g5 10. Bb2 Kb8 11. Qd2 g4 12. Nh4 Nh5 13. g3 Nf4 14. Bc1 Qf6 15. Qd1
Nh3+ 16. Kg2 a6 17. Nc3 Be7 18. f3 Qg7 19. Nf5 Qg6 20. fxg4 Ng5 21. Bd5 Bf6 22.
Rf2 h5 23. gxh5 Rxh5 24. Qf1 Rdh8 25. Kg1 Nf3+ 26. Kg2 Qg4 27. Bh6 Rxh2# 0-1

[Event "Challenge"]
[Site "http://www.queenalice.com/game.php?id=989006"]
[Date "2011.9.23"]
[Round "-"]
[White "Irom"]
[Black "equus"]
[Result "1-0"]
[WhiteElo "1671"]
[BlackElo "1879"]

1. e4 c5 2. Nf3 d6 3. Nc3 a6 4. Bc4 e6 5. O-O Nf6 6. d3 Be7 7. Be3 O-O 8. Qd2
Ng4 9. h3 Nxe3 10. Qxe3 h6 11. a3 Qb6 12. b4 Bd7 13. Rab1 Qc7 14. bxc5 dxc5 15.
Rb2 b5 16. Bb3 Nc6 17. Rfb1 Ne5 18. Qf4 Bd6 19. Qe3 Ng6 20. Ne2 Rae8 21. c4 e5
22. Nc3 Bc6 23. cxb5 Ba8 24. Bd5 Bxd5 25. Nxd5 Qa5 26. bxa6 Rb8 27. Rxb8 Rxb8
28. Rxb8+ Bxb8 29. a4 Bd6 30. Qd2 Qxa6 31. Qc2 Qa5 32. Qb3 Qa6 33. Qb5 Qxb5 34.
axb5 Kf8 35. Kf1 Ke8 36. Ne1 Kd7 37. Nc2 Nf8 38. Ke2 Ne6 39. Kd2 Nc7 40. Nxc7
Kxc7 41. Kc3 Kb6 42. Kc4 Bc7 43. Ne3 1-0

[Event "Challenge"]
[Site "http://www.queenalice.com/game.php?id=991415"]
[Date "2011.9.29"]
[Round "-"]
[White "Irom"]
[Black "Edmilson9975"]
[Result "0-1"]
[WhiteElo "1647"]
[BlackElo "1827"]

1. e4 f5 2. e5 Nc6 3. d4 e6 4. Bb5 a6 5. Bxc6 bxc6 6. Nf3 Ne7 7. O-O Ng6 8. Nc3
Bb7 9. Bg5 Be7 10. Bxe7 Qxe7 11. Qd2 Rb8 12. Na4 O-O 13. c4 c5 14. d5 exd5 15.
cxd5 d6 16. e6 c6 17. dxc6 Bxc6 18. Qd1 Rf6 19. b3 Nf4 20. g3 Nh3+ 21. Kg2 Ng5
22. h4 Bxf3+ 0-1

[Event "Let's Play Chess!"]
[Site "http://www.queenalice.com/game.php?id=993903"]
[Date "2011.10.6"]
[Round "-"]
[White "Irom"]
[Black "philler"]
[Result "0-1"]
[WhiteElo "1652"]
[BlackElo "2067"]

1. e4 c5 2. Nf3 d6 3. Nc3 Nf6 4. Bc4 e6 5. O-O Be7 6. d3 O-O 7. Bg5 Nc6 8. Nh4
Nd4 9. Nb5 Nxb5 10. Bxb5 a6 11. Bc4 b5 12. Bb3 Qc7 13. a4 c4 14. dxc4 bxc4 15.
Ba2 Nxe4 16. Bxe7 Qxe7 17. g3 d5 18. Re1 Nc5 19. Bb1 a5 20. c3 Bb7 21. Bc2 Qd7
22. b3 cxb3 23. Bxb3 Nxb3 24. Qxb3 Qc6 25. Rab1 Rab8 26. Qb5 Qxc3 27. Re3 Qc7
28. Reb3 h6 29. Qb6 Rfc8 30. Qa7 Qc5 31. Qxc5 Rxc5 32. Rxb7 Rxb7 33. Rxb7 Rc4
34. Rb8+ Kh7 35. Nf3 Rxa4 36. Ra8 Ra3 37. Ne5 f6 38. Nc6 a4 39. Kf1 e5 40. Ke2
d4 41. Kd2 Kg6 42. Rb8 Kf5 43. Rb4 Ke4 44. Ne7 Ra2+ 45. Kc1 Kf3 46. Nf5 d3 47.
Nxg7 Kxf2 48. Nf5 Ke1 49. Rc4 d2+ 50. Kb1 d1=Q+ 51. Kxa2 Qb3+ 0-1

[Event "Challenge"]
[Site "http://www.queenalice.com/game.php?id=997236"]
[Date "2011.10.14"]
[Round "-"]
[White "Irom"]
[Black "williamscaramuzzi"]
[Result "1-0"]
[WhiteElo "1638"]
[BlackElo "1576"]

1. e4 e5 2. Nf3 d6 3. Nc3 Nf6 4. Bc4 Be7 5. d4 O-O 6. d5 Bg4 7. h3 Bxf3 8. Qxf3
Na6 9. Qg3 Nh5 10. Qg4 Nf4 11. Bxf4 exf4 12. Qxf4 Nb4 13. Bb3 Bg5 14. Qg4 Qe7
15. O-O Na6 16. f4 Bf6 17. f5 Nc5 18. Rae1 Nd7 19. a4 Ne5 20. Qe2 Bh4 21. Rd1
Qf6 22. Nb5 Rac8 23. Nxa7 Ra8 24. Nb5 Ra6 25. Nxc7 Rb6 26. Rd4 Rc8 27. a5 Rxb3
28. cxb3 Rxc7 29. Qb5 h6 30. Rb4 Qg5 31. Qe2 Bg3 32. Rd4 f6 33. Rd2 g6 34. Rc2
Re7 35. Rfc1 gxf5 36. Rc8+ Kf7 37. R1c7 Rxc7 38. Rxc7+ Ke8 39. Kh1 Qf4 40. exf5
Kd8 41. Rc3 Qxf5 42. Rxg3 Qf4 43. Rg8+ Ke7 44. Rg7+ Kf8 45. Rxb7 Qc1+ 46. Kh2
Qc8 47. Qa6 Qe8 48. Qa7 Nf7 49. Rb8 Nd8 50. Qa8 Kg7 51. Rxd8 Qe5+ 52. Kg1 Kg6
53. Qa6 Kg5 54. Qxd6 Qe1+ 55. Kh2 Kh4 56. Qxf6+ Kh5 57. Qf5+ Kh4 58. Qg4# 1-0